| 000 | 00447nam a2200205Ia 4500 | ||
|---|---|---|---|
| 008 | 210210b1963 xxu||||| |||| 00| 0 eng d | ||
| 041 | _aeng | ||
| 082 | _a320/430 | ||
| 100 | _aODUHO | ||
| 245 | _aProblem of the southern Sudan | ||
| 260 |
_a _bNot Mentioned _c1963 |
||
| 650 | _athe | ||
| 650 | _aSudan | ||
| 650 | _asouthern | ||
| 650 | _aProblem | ||
| 650 | _aof | ||
| 690 | _aPolitical Science | ||
| 700 | _aDENG | ||
| 906 | _a003074 | ||
| 999 |
_c118408 _d118408 |
||